000 00515cam a2200169 4500
001 D11750
008 090401t1983 xxu||||| |||| 00| 0 eng d
035 _a(Sirsi) u99483
041 _aeng
100 _aWatson, R.B.
245 4 _aThe role of the quantity surveyor in industrial engineering
260 _c1983
350 _a0
520 _aIn RICS Quantity Surveyors` Division. The growth of industrial engineering. Conference at. RICS, London, 2 November 1983.1983/35 AC
942 _n0
948 _c04/03/1997
999 _c99355
_d99355